[Event "Euskadi j ch"]
[Site "Eibar"]
[Date "2014.04.25"]
[Round "5.5"]
[White "Sanchez Merino, Christian"]
[Black "Abalia Patiño, Aritz"]
[Result "0-1"]
[WhiteElo "1655"]
[BlackElo "1746"]

1. e4 c5 2. Be2 Nc6 3. Nf3 e6 4. O-O Be7 5. Nc3 Nf6 6. d3 d6 7. Bf4 O-O 8. Kh1
e5 9. Bg3 Nh5 10. Bh4 Bxh4 11. Nxh4 Nf4 12. Nf3 f5 13. Rg1 Be6 14. Bf1 fxe4 15.
dxe4 Bg4 16. Ne2 Nh3 17. gxh3 Bxf3+ 18. Bg2 Qh4 19. Bxf3 Rxf3 20. Ng3 Rxf2 21.
Qd5+ Kh8 22. Raf1 Rxc2 23. Qb3 Nb4 24. Qf3 Qf4 25. Qxf4 exf4 26. Nh5 Nd3 27.
Nxg7 Nf2+ 28. Kg2 Nxe4+ 29. Kf3 Nd2+ 0-1

[Event "Euskadi j ch"]
[Site "Eibar"]
[Date "2014.04.25"]
[Round "5.6"]
[White "Laseca Arana, Irati"]
[Black "Fernandez Zubitur, Asier"]
[Result "1-0"]
[WhiteElo "1652"]
[BlackElo "1563"]

1. b3 e5 2. Bb2 d6 3. c4 Nf6 4. Nc3 Nbd7 5. g3 Be7 6. Bg2 c6 7. e3 Qc7 8. Nge2
O-O 9. O-O b6 10. d4 Bb7 11. Qc2 a6 12. Rad1 b5 13. dxe5 dxe5 14. Rd2 Rfd8 15.
cxb5 cxb5 16. Nd5 Qxc2 17. Nxe7+ Kf8 18. Rxc2 Bxg2 19. Kxg2 Kxe7 20. Rd1 Rac8
21. Rcd2 b4 22. f3 e4 23. Nd4 exf3+ 24. Kxf3 {...} 1-0

[Event "Euskadi j ch"]
[Site "Eibar"]
[Date "2014.04.25"]
[Round "5.7"]
[White "Alfaro Garcia Del Cerro, Juan L"]
[Black "Garcia Mtez De La Hidalga, Enriqu"]
[Result "1-0"]
[WhiteElo "1516"]
[BlackElo "1568"]

1. d4 d5 2. c4 e6 3. Nf3 Nf6 4. g3 Be7 5. Bg2 c6 6. O-O O-O 7. Nbd2 Nbd7 8. b3
b6 9. Bb2 Bb7 10. Qc2 c5 11. Rac1 Rc8 12. Qb1 Rc7 13. cxd5 Bxd5 14. Rfd1 Qa8
15. Ne1 Rfc8 16. Ba3 Bf8 17. Bxd5 Nxd5 18. Ndf3 cxd4 19. Bxf8 Nc3 20. Qd3 Nxe2+
21. Qxe2 Rxc1 22. Rxc1 Rxc1 23. Kg2 Qxf8 24. Nxd4 Qd6 25. Qe3 Rc8 {...} 1-0

[Event "Euskadi j ch"]
[Site "Eibar"]
[Date "2014.04.25"]
[Round "6.1"]
[White "Jimenez Almeida, Luis David"]
[Black "Bernal Gomez, Alejandro"]
[Result "1/2-1/2"]
[WhiteElo "2024"]
[BlackElo "1978"]

1. d4 Nf6 2. Nf3 e6 3. Bg5 h6 4. Bxf6 Qxf6 5. e4 c5 6. e5 Qf5 7. Bd3 Qg4 8. O-O
cxd4 9. Re1 d5 10. h3 Qh5 11. c3 Be7 12. Kh2 f5 13. Qa4+ Nd7 14. Nxd4 O-O 15.
b4 f4 16. Nf3 Qe8 17. Qc2 Nb6 18. a4 a5 19. b5 Bd7 20. Nbd2 Rc8 21. Bh7+ Kh8
22. Qd3 Nxa4 23. Bg6 Nc5 24. Bxe8 Nxd3 25. Bxd7 Nxe1 26. Nxe1 Rxc3 27. Rxa5 $11
Bc5 28. Kg1 Rc1 29. Kf1 Rd8 30. Bxe6 Re8 31. Bg4 Bb4 32. Ra2 Rxe5 33. Be2 d4
34. Ra8+ Kh7 35. Ndf3 Bxe1 36. Bd3+ g6 37. Nxe5 Bc3+ 38. Ke2 Re1+ 39. Kf3 Rxe5
1/2-1/2

[Event "Euskadi j ch"]
[Site "Eibar"]
[Date "2014.04.25"]
[Round "6.2"]
[White "Llano Olabarrieta, Joseba"]
[Black "Gonzalez Larraz, Raul"]
[Result "1-0"]
[WhiteElo "1904"]
[BlackElo "1687"]

1. e4 e5 2. Nf3 Nc6 3. d4 exd4 4. Bc4 Bb4+ 5. c3 dxc3 6. O-O d6 7. a3 Ba5 8. b4
Bb6 9. Qb3 Qe7 10. Nxc3 Be6 11. Nd5 Bxd5 12. exd5 Ne5 13. Bb5+ c6 14. dxc6 bxc6
15. Nxe5 cxb5 16. Nf3 O-O-O 17. Bg5 f6 18. Rfe1 Qb7 19. Bf4 Ne7 20. Qe6+ Rd7
21. Bxd6 Re8 22. Qf7 Rdd8 23. Rxe7 Rxe7 24. Qxe7 Qxe7 25. Bxe7 Rd7 26. Bc5 Bc7
27. Kf1 a5 28. Nd4 Be5 29. Rc1 Bf4 30. Rc2 Rc7 31. Ne6 1-0

[Event "Euskadi j ch"]
[Site "Eibar"]
[Date "2014.04.25"]
[Round "6.3"]
[White "Barrio Ugidos, Ibon"]
[Black "Laseca Arana, Irati"]
[Result "1-0"]
[WhiteElo "1905"]
[BlackElo "1652"]

1. e4 c5 2. Nf3 e6 3. d4 cxd4 4. Nxd4 Nf6 5. Nc3 Nc6 6. Ndb5 d6 7. Bf4 e5 8.
Bg5 a6 9. Na3 Be6 10. Nc4 Be7 11. Ne3 Nxe4 12. Nxe4 Bxg5 13. Nxd6+ Ke7 14.
Ndf5+ Bxf5 15. Nxf5+ Kf8 16. Bd3 e4 17. Bxe4 Qxd1+ 18. Rxd1 Re8 19. Nd6 Re6 20.
O-O g6 21. Bf3 Kg7 22. Nxb7 Ne5 23. Bd5 Rb6 24. f4 Ng4 25. fxg5 1-0

[Event "Euskadi j ch"]
[Site "Eibar"]
[Date "2014.04.25"]
[Round "6.4"]
[White "Abalia Patiño, Aritz"]
[Black "Sanchez Ruesga, Carlos"]
[Result "1-0"]
[WhiteElo "1746"]
[BlackElo "1687"]

1. d4 d5 2. c4 e6 3. Nc3 Nf6 4. Bg5 Be7 5. Nf3 O-O 6. e3 Nbd7 7. Bd3 h6 8. Bh4
dxc4 9. Bxc4 Nb6 10. Bb3 Nbd5 11. O-O Nxc3 12. bxc3 c5 13. Qd3 Nd5 14. Bg3 cxd4
15. cxd4 Bd7 16. Rfc1 Rc8 17. Ne5 Be8 18. e4 Nb4 19. Qe3 Rxc1+ 20. Rxc1 Nc6 21.
d5 Nxe5 22. Bxe5 exd5 23. exd5 b6 24. Qg3 Bf6 25. Bd6 Be7 26. Bc7 Qd7 27. Be5
g6 28. d6 Bg5 29. h4 Qf5 30. hxg5 Bb5 31. gxh6 Kh7 32. Qf4 Qh5 33. Rc3 Bd7 34.
Rc7 g5 35. Qf6 1-0

[Event "Euskadi j ch"]
[Site "Eibar"]
[Date "2014.04.25"]
[Round "6.6"]
[White "Sanchez Merino, Christian"]
[Black "Lomas Romero, Benat"]
[Result "0-1"]
[WhiteElo "1655"]
[BlackElo "1836"]

1. c3 d5 2. e4 dxe4 3. Qa4+ c6 4. Qxe4 Nf6 5. Qc2 e5 6. Nf3 Bd6 7. Bc4 O-O 8.
O-O h6 9. d4 Nbd7 10. dxe5 Nxe5 11. Nxe5 Bxe5 12. f4 Bd6 13. Be3 b5 14. Bd3 Re8
15. Bd4 Nd5 16. f5 Ne3 17. Bxe3 Rxe3 18. Be4 Qh4 19. Bxc6 Bxh2+ 0-1

[Event "Euskadi j ch"]
[Site "Eibar"]
[Date "2014.04.25"]
[Round "6.8"]
[White "Garcia Mtez De La Hidalga, Enriqu"]
[Black "Mendieta Gomez, Andres"]
[Result "0-1"]
[WhiteElo "1568"]
[BlackElo "1288"]

1. e4 e5 2. Nf3 Nc6 3. Bc4 Be7 4. d4 exd4 5. Nxd4 Bf6 6. c3 Nge7 7. O-O O-O 8.
Re1 d5 9. exd5 Nxd5 10. Nxc6 bxc6 11. Qb3 Nb6 12. Be2 Be6 13. Qc2 Qd6 14. Be3
c5 15. Nd2 Nd5 16. Ne4 Bf5 17. Qd3 Bxe4 18. Qxe4 Rfe8 19. Qf3 Nxe3 20. fxe3
Rab8 21. Rab1 Qd2 22. b3 Rxe3 23. Qf4 Rxe2 24. Qxd2 Rxd2 25. b4 Bxc3 26. a3 Kf8
0-1

[Event "Euskadi j ch"]
[Site "Eibar"]
[Date "2014.04.26"]
[Round "7.1"]
[White "Sanchez Ruesga, Carlos"]
[Black "Jimenez Almeida, Luis David"]
[Result "0-1"]
[WhiteElo "1687"]
[BlackElo "2024"]

1. d4 Nf6 2. c4 c5 3. d5 b5 4. e3 bxc4 5. Bxc4 Ba6 6. b3 g6 7. Bb2 Bg7 8. Nd2
Qa5 9. Qc2 Bxc4 10. bxc4 O-O 11. Ngf3 d6 12. O-O Nbd7 13. e4 Rab8 14. Bc3 Qa6
15. e5 Ne8 16. e6 fxe6 17. dxe6 Nb6 18. Bxg7 Nxg7 19. Ng5 Nf5 20. Qd3 d5 21.
Qh3 h6 22. Nf7 Nxc4 23. Nxc4 Qxc4 24. g4 Nd6 25. Nxh6+ Kg7 26. g5 Rb4 27. Qg3
Qf4 28. Rfd1 d4 29. h3 Ne4 30. Qxf4 Rxf4 31. Rdb1 Rxb1+ 32. Rxb1 Nxg5 33. Ng4
Nxh3+ 34. Kg2 Rxg4+ 35. Kxh3 Re4 36. Rb7 Kf6 37. Rxa7 d3 38. Rb7 d2 0-1

[Event "Euskadi j ch"]
[Site "Eibar"]
[Date "2014.04.26"]
[Round "7.2"]
[White "Llano Olabarrieta, Joseba"]
[Black "Abalia Patiño, Aritz"]
[Result "1-0"]
[WhiteElo "1904"]
[BlackElo "1746"]

1. e4 c5 2. Nf3 e6 3. d4 cxd4 4. Nxd4 Nc6 5. Nc3 Nf6 6. Ndb5 Bb4 7. a3 Bxc3+ 8.
Nxc3 d5 9. exd5 exd5 10. Bd3 O-O 11. O-O d4 12. Ne2 Bg4 13. f3 Bh5 14. Nf4 Bg6
15. Nxg6 hxg6 16. f4 Qd6 17. f5 gxf5 18. Rxf5 Rfe8 19. Bg5 Ne4 20. Qg4 Qe6 21.
Raf1 Nd6 22. Qh5 Ne7 23. Rf6 Qd7 24. Qh7+ Kf8 25. Bh6 Qg4 26. Rxd6 gxh6 27.
Rxf7# 1-0

[Event "Euskadi j ch"]
[Site "Eibar"]
[Date "2014.04.26"]
[Round "7.3"]
[White "Gonzalez Larraz, Raul"]
[Black "Bernal Gomez, Alejandro"]
[Result "1-0"]
[WhiteElo "1687"]
[BlackElo "1978"]

1. e4 c5 2. Nc3 Nc6 3. g3 g6 4. Bg2 Bg7 5. d3 d6 6. f4 e6 7. Nf3 Nge7 8. O-O
O-O 9. Be3 b6 10. Rb1 Ba6 11. Ne2 Rc8 12. g4 f5 13. gxf5 exf5 14. Re1 Nd4 15.
Nexd4 cxd4 16. Bf2 Qd7 17. c3 Kh8 18. Bh3 Rce8 19. Bxd4 {...} 1-0

[Event "Euskadi j ch"]
[Site "Eibar"]
[Date "2014.04.26"]
[Round "7.5"]
[White "Mendieta Gomez, Andres"]
[Black "Laseca Arana, Irati"]
[Result "0-1"]
[WhiteElo "1288"]
[BlackElo "1652"]

1. e4 c5 2. d4 cxd4 3. c3 d3 4. Bxd3 Nc6 5. Nf3 d6 6. O-O Nf6 7. c4 Bg4 8. Nbd2
Rc8 9. b3 e6 10. Rb1 Nb4 11. Be2 Nxa2 12. Bb2 Nb4 13. Bc3 a5 14. Nd4 Bxe2 15.
Qxe2 Be7 16. N2f3 Nd7 17. Rfd1 Bf6 18. Bxb4 axb4 19. Nb5 Be7 20. Nxd6+ Bxd6 21.
Rxd6 Rc6 22. Rbd1 Rxd6 23. Rxd6 Qe7 24. Qd2 Nc5 0-1

[Event "Euskadi j ch"]
[Site "Eibar"]
[Date "2014.04.26"]
[Round "7.7"]
[White "Alfaro Garcia Del Cerro, Juan L"]
[Black "Fernandez Zubitur, Asier"]
[Result "1-0"]
[WhiteElo "1516"]
[BlackElo "1563"]

1. Nf3 Nf6 2. d4 d5 3. c4 c6 4. Nc3 e6 5. e3 Nbd7 6. Qc2 b6 7. b3 Bd6 8. Bb2
O-O 9. Bd3 e5 10. e4 exd4 11. Nxd4 c5 12. Nf5 dxe4 13. Nxe4 Be5 14. O-O Bxb2
15. Qxb2 Qc7 16. Ned6 Kh8 17. Nxc8 Raxc8 18. Rfe1 Rfe8 19. Rad1 Ne5 20. Be2
Rcd8 21. Qc3 Ne4 22. Qc1 Rxd1 23. Rxd1 g6 24. Ne3 Rd8 25. Nd5 Qc8 26. Qf4 1-0

[Event "Euskadi j ch"]
[Site "Eibar"]
[Date "2014.04.26"]
[Round "7.8"]
[White "Garcia Mtez De La Hidalga, Enriqu"]
[Black "Sanchez Merino, Christian"]
[Result "0-1"]
[WhiteElo "1568"]
[BlackElo "1655"]

1. e4 c5 2. Nf3 e6 3. c3 Nf6 4. e5 Nd5 5. Be2 d6 6. O-O dxe5 7. Nxe5 Bd6 8.
Bb5+ Bd7 9. Nxd7 Nxd7 10. d4 cxd4 11. Qxd4 O-O 12. c4 Bc5 13. Qg4 N5f6 14. Qg3
Ne4 15. Qf3 Nxf2 16. Rxf2 Ne5 0-1